Guess these 30 girl names by the first and Last Letters - Statistics

General Stats
  • This quiz has been taken 29 times
  • The average score is 3 of 15
Answer Stats
Letters Answer % Correct
S/A Sophia
100%
E/Y Emily
44%
C/E Chloe
24%
E/A Ella
24%
S/T Scarlett
24%
L/Y Lucy
16%
H/Y Hayley
12%
S/A Stella
12%
T/A Tessa
12%
B/A Bella
8%
A/Y Aubrey
4%
C/E Claire
4%
A/E Addie
0%
K/Y Kenzey
0%
K/E Kinlee
0%
No matching quizzes found
Score Distribution
Percent of People with Each Score
Percentile by Number Answered
Your Score History
You have not taken this quiz